New cutting edge/Pre- intermediate. Pre- intermediate Teacher's resource book /

Bewaard in:
Bibliografische gegevens
Andere auteurs: Cunningham, Sarah 1960-, Moor, Peter 1957-, Redston, Chris.
Formaat: Boek
Taal:English
Gepubliceerd in: Hồng Đức : NXB lao động, 2008.
Onderwerpen:
Tags: Voeg label toe
Geen labels, Wees de eerste die dit record labelt!
Thư viện lưu trữ: Mạng thư viện Đại học Đà Nẵng
LEADER 01144nam a22003131a 4500
001 000035205
003 11479
005 20210326151920.0
008 151106s2008 vm 000 eng
040 # # |a lnn  |c lnn  |d lnn 
041 0 # |a eng 
082 0 4 |a 428.24071  |b AL-D 
245 1 0 |a New cutting edge/Pre- intermediate.  |n Pre- intermediate  |p Teacher's resource book /  |c Sarah Cunningham, Peter Moor ;. 
260 # # |a Hồng Đức :  |b NXB lao động,  |c 2008. 
300 # # |a 111 p. :  |b ill. ;  |c 25 cm. 
650 0 4 |a English language  |x Study and teaching  |x Foreign speakers 
700 1 # |a Cunningham, Sarah  |d 1960- 
700 1 # |a Moor, Peter  |d 1957- 
700 1 # |a Redston, Chris. 
OWN |a LNN 
902 |a TKA 
AVA |a UDN50  |b LNN  |c English  |d 420.8 HO-Đ  |e available  |t Error 5001 Not defined in file expand_doc_bib_avail.  |f 3  |g 0  |h N  |i 0  |j AN  |k 1 
999 |a From the UDN01 
AVA |a UDN50  |b LNN  |c English  |d 420.8 HO-Đ  |e available  |t Error 5001 Not defined in file expand_doc_bib_avail.  |f 3  |g 0  |h N  |i 0  |j AN  |k 1 
TYP |a Monograph 
TYP |a Printed language 
980 |a Mạng thư viện Đại học Đà Nẵng